[Event "Moravia-ch"]
[Site "Moravia"]
[Date "1997.??.??"]
[Round "?"]
[White "Zemanek, F."]
[Black "Ennis, S."]
[Result "1-0"]
[WhiteElo "1665"]
[BlackElo "1605"]
[PlyCount "93"]
[EventDate "1997.??.??"]
[EventType "swiss"]
[EventRounds "9"]
[EventCountry "CZE"]
[SourceTitle "EXT 1999"]
[Source "ChessBase"]
[SourceDate "1998.11.16"]
[SourceVersion "1"]
[SourceVersionDate "1998.11.16"]
[SourceQuality "1"]

1. d4 Nf6 2. c4 g6 3. Nc3 Bg7 4. e4 d6 5. Nf3 0-0 6. Be2 Nbd7 7. Be3 Ng4 8. Bd2 c5 9. d5 f5 10. exf5 Rxf5 11. h3 Nh6 12. g4 Rf8 13. Ng5 Ne5 14. Qc1 Nhf7 15. Nce4 Qe8 16. f4 Nxg5 17. Nxg5 Nf7 18. Qc2 Nxg5 19. fxg5 e6 20. dxe6 Bxe6 21. 0-0-0 b5 22. Rhe1 a6 23. Bc3 Be5 24. Bxe5 dxe5 25. a3 Rf4 26. cxb5 axb5 27. Bf1 Bc4 28. Kb1 Qe7 29. Qg2 Raf8 30. Bxc4+ Rxc4 31. Qd5+ Qf7 32. Rxe5 Kg7 33. Qxf7+ Rxf7 34. Red5 Rc7 35. Rd7+ Rxd7 36. Rxd7+ Kg8 37. Rb7 b4 38. a4 b3 39. Rxb3 Rxa4 40. Rc3 Ra5 41. Kc2 Kf7 42. Kd3 Ke6 43. Kc4 Kd6 44. b3 Ra7 45. Rd3+ Kc6 46. Rd8 Re7 47. Rc8+ 1-0